Name This Country By Finding Out Which Country This Food Originated In - Statistics

General Stats
  • This quiz has been taken 28 times
    12 since last reset
  • The average score is 12 of 16
Answer Stats
Picture Answer % Correct
Belgium
100%
Canada
100%
France
100%
Ireland
100%
USA
100%
Germany
92%
Italy
92%
China
83%
Turkey
75%
Austria
58%
India
58%
Ukraine
58%
England
42%
Thailand
42%
South Africa
33%
Scotland
25%
No matching quizzes found
Score Distribution
Percent of People with Each Score
Percentile by Number Answered
Your Score History
You have not taken this quiz since the last reset